000 00265nam a22001217a 4500
082 _a823
_bUNK/F
100 _aUNKNOWN
245 _aFIRST THINGS TO KNOW
260 _aBANGALORE
_bMM PRIMARY PUBLISHING
300 _a20
650 _aENGLISH STORY
_zINDIA
942 _cBK
999 _c7563
_d7563